=LDR 00000nam 2200000 4500 =001 INLIS000000000048524 =005 20161112110621.0 =006 =007 =008 =035 ##$$0010-111600000000103 =090 ##$$a 2x5.4 gha =100 ##$$a Al GHajali =245 ##$$a rahasia zikir dan doa =250 ##$$a 1994 =260 ##$$akarisma =300 ##$$a 21cm